Loading...
| Fine Arts - Classical Music | 3 | 6.67 | 33% | 0% | 33% |
| Fine Arts - Other | 5 | 10.00 | 20% | 60% | 20% |
| Fine Arts - Painting & Sculpture | 7 | 10.00 | 29% | 43% | 29% |
| Geography | 1 | 10.00 | 100% | 0% | 0% |
| History - American | 2 | 10.00 | 0% | 100% | 0% |
| History - European | 6 | 11.67 | 50% | 33% | 33% |
| History - Other | 4 | 17.50 | 75% | 50% | 50% |
| History - World | 4 | 7.50 | 25% | 50% | 0% |
| Literature - American | 5 | 10.00 | 60% | 20% | 20% |
| Literature - British | 3 | 13.33 | 67% | 67% | 0% |
| Literature - European | 4 | 10.00 | 75% | 25% | 0% |
| Literature - World | 4 | 10.00 | 25% | 25% | 50% |
| Mythology | 1 | 10.00 | 0% | 0% | 100% |
| Other Academic | 4 | 10.00 | 25% | 25% | 50% |
| Philosophy | 5 | 10.00 | 40% | 40% | 20% |
| Religion | 4 | 12.50 | 50% | 50% | 25% |
| Science - Biology | 6 | 6.67 | 0% | 17% | 50% |
| Science - Chemistry | 4 | 10.00 | 25% | 50% | 25% |
| Science - Other | 6 | 10.00 | 33% | 17% | 50% |
| Science - Physics | 2 | 15.00 | 50% | 50% | 50% |
| Social Science | 4 | 10.00 | 50% | 25% | 25% |